000 00464nam a2200169Ia 4500
999 _c31652
_d31652
003 OSt
005 20211101105409.0
008 190216s9999||||xx |||||||||||||| ||und||
040 _coclc
082 _a515.35
_bGUP/D
100 _aGupta, P P
_93914
245 0 _aDifferential Equations /
_cP P Gupta
260 _bPragathi Prakashan,
_aMeerut:
300 _a732p
650 _aMathematics
942 _cBK
_2ddc
_h515.35
_iGUP/D
_k515.35
_mGUP/D